00562 2200217 4500001002100000005001500021035002000036007000300056008004100059020001800100082001000118084001600128100002300144245006000167260003200227300003000259650001600289990001300305990001300318990001300331INLIS00000000000056320230104094020 a0010-0123000030ta230104 g 0 ind  a979-722-093-1 a294.5 a294.5 I W r0 aI wayan Maswinara,1 aRG Veda Samhita :b(sakala Sakha) /cI wayan Maswinara, aSurabaya :bParamita,c2004 a672 hlm. :bIlus ;c24 cm 4aAgama Hindu a06840684 a06850685 a06850685